| 000 | 00426nam a22001577a 4500 | ||
|---|---|---|---|
| 005 | 20170822175140.0 | ||
| 008 | 160414b xxu||||| |||| 00| 0 eng d | ||
| 020 | _a0-1400-5691-2 | ||
| 040 | _dBSU | ||
| 082 |
_221 _a970.004 COO |
||
| 100 |
_aCooke,Alistair _920844 |
||
| 245 | _aThe Americans Letters from America on our life and times 1969-70 | ||
| 260 |
_bPenguin books ltd _c1979 |
||
| 300 | _a1-134p. | ||
| 942 |
_2ddc _cBK |
||
| 999 |
_c10449 _d10449 |
||